Días que marcaron al mundo : el suicidio de Hitler y el asesinato que inició una guerra /
Colección de programas históricos producidos por la BBC (British Broadcasting Corporation), dividida en doce volúmenes y formada primordialmente por episodios de la primera temporada de Días que marcaron al mundo (2003), coproducción de la entidad británica con The History Channel. Días que marcaron...
Enregistré dans:
| Auteur principal: | |
|---|---|
| Autres auteurs: | , , , , , , , , , |
| Format: | |
| Langue: | espagnol |
| Publié: |
Londres, Inglaterra :
BBC,
2003, c2003
|
| Collection: | (Días que Marcaron al Mundo ;
3) (Days that Shook the World ; 3) |
| Sujets: | |
| Tags: |
Pas de tags, Soyez le premier à ajouter un tag!
|
MARC
| LEADER | 00000ngm^a2200000^a^4500 | ||
|---|---|---|---|
| 001 | 000310435 | ||
| 005 | 20250521000000.0 | ||
| 009 | 20260310113016.677 | ||
| 037 | |a Acervo ITESO - Biblioteca | ||
| 041 | |a ESP | ||
| 082 | |a 909. |b DIA V. 3 | ||
| 100 | |a McDonald, Neil |e (producción ejecutiva) | ||
| 240 | 1 | 1 | |a [Días que marcaron al mundo] |
| 240 | 1 | 1 | |a [Days that Shook the World] |
| 245 | 1 | 0 | |a Días que marcaron al mundo : |b el suicidio de Hitler y el asesinato que inició una guerra / |c Prod. ejecutiva de N. McDonald, A. Kemp, R. Bradley ; realización de R. Bond. |
| 246 | 2 | |a También se conoce como Days that Shook the World: The Assassination of Archduke Ferdinand/The Death of Adolf Hitler | |
| 264 | 4 | |a Londres, Inglaterra : |b BBC, |c 2003, c2003 | |
| 264 | 2 | |a España : |b PASA [distribución], |c 2004, c2004 | |
| 300 | |a 1 DVD multirregión (50 min.) : |b blanco y negro | ||
| 336 | |a imagen móvil bidimensional |b tdi |2 rdacontenido | ||
| 337 | |a video |b v |2 rdamedio | ||
| 338 | |a videodisco |b vd |2 rdasoporte | ||
| 440 | 1 | |a (Días que Marcaron al Mundo ; |v 3) | |
| 440 | 1 | |a (Days that Shook the World ; |v 3) | |
| 500 | |a Traducción de: Days that Shook the World: The Assassination of Franz Ferdinand/The Death of Adolf Hitler | ||
| 520 | |a Colección de programas históricos producidos por la BBC (British Broadcasting Corporation), dividida en doce volúmenes y formada primordialmente por episodios de la primera temporada de Días que marcaron al mundo (2003), coproducción de la entidad británica con The History Channel. Días que marcaron al mundo es una serie de documentales, con algunas reconstrucciones dramáticas y duración de mediometraje, sobre acontecimientos y personajes decisivos de la historia universal, cuyos episodios a menudo aúnan dos sucesos complementarios en su desarrollo o relacionados a partir de su contraste. | ||
| 520 | |a El tercer volumen reúne el asesinato de Francisco Fernando de Habsburgo (1863-1914), heredero al trono del Imperio austro-húngaro, el 28 de junio de 1914 en Sarajevo, Bosnia-Herzegovina y el suicidio de Adolf Hitler (1889-1945), líder del Tercer Reich, el 30 de abril de 1945 en Berlín, dos disparos de pistola que originaron respectivamente el inicio de la Primera Guerra Mundial (1914-1918) y el final de la Segunda Guerra Mundial en su frente europeo (1939-1945). El magnicidio de Francisco Fernando es seguido en compañía de siete miembros de un grupo nacionalista serbio, decididos a expulsar el gobierno austro-húngaro de su territorio, en tanto el suicidio del alemán –cometido junto con su esposa Eva Braun y Joseph Goebbels, ministro de Propaganda e Información- permite asomarse a los últimos días del régimen nazi. | ||
| 520 | |a Suplementos y características especiales: ninguno. | ||
| 546 | |a Doblaje opcional: español | ||
| 649 | |a XX | ||
| 650 | |a Jefes de Estado Alemanes - |x Biografías | ||
| 650 | |a Príncipes Austríacos - |x Biografías | ||
| 650 | |a Políticos Alemanes - |x Biografías | ||
| 650 | |a Políticos Austríacos - |x Biografías | ||
| 650 | |a Documentales | ||
| 650 | |a Series de Televisión | ||
| 650 | |a Televisión - |z Inglaterra - |y 2000-2009 | ||
| 650 | |a Televisión - |z Inglaterra - |y Siglo XXI | ||
| 650 | |a Política - |z Alemania - |x Historia - |y Tercer Reich, 1933-1945 | ||
| 650 | |a Política - |z Austria - |x Historia - |y 1867-1916 | ||
| 650 | |a Política Internacional - |x Historia - |y 1910-1919 | ||
| 650 | |a Política Internacional - |x Historia - |y 1940-1949 | ||
| 650 | |a Política Internacional - |x Historia - |y Siglo XX | ||
| 650 | |a Sarajevo, Bosnia-Herzegovina - |x Historia - |y Dominio Austro-Húngaro, 1878-1918 | ||
| 650 | |a Bosnia-Herzegovina - |x Historia - |y Dominio Austro-Húngaro, 1878-1918 | ||
| 650 | |a Bosnia-Herzegovina - |x Historia - |y Siglo XX | ||
| 650 | |a Austria - |x Historia - |y Asesinato de Sarajevo, 1914 - |x Tema Principal | ||
| 650 | |a Austria - |x Historia - |y 1867-1916 | ||
| 650 | |a Austria - |x Historia - |y Francisco José I, 1848-1916 | ||
| 650 | |a Austria - |x Historia - |y Imperio Austro-Húngaro, 1867-1918 | ||
| 650 | |a Austria - |x Historia - |y Siglo XX | ||
| 650 | |a Alemania - |x Historia - |y Tercer Reich, 1933-1945 - |x Tema Principal | ||
| 650 | |a Alemania - |x Historia - |y Siglo XX | ||
| 650 | |a Guerra Mundial (Primera), 1914-1918 - |x Historia - |x Causas - |x Tema Principal | ||
| 650 | |a Guerra Mundial (Segunda), 1939-1945 - |x Historia | ||
| 650 | |a Historia Moderna - |y 1910-1919 | ||
| 650 | |a Historia Moderna - |y 1940-1949 | ||
| 650 | |a Historia Moderna - |y Siglo XX | ||
| 650 | |a Historia Universal | ||
| 650 | |a Francisco Fernando de Austria - |x Tema Principal | ||
| 650 | |a Hitler, Adolf - |x Tema Principal | ||
| 650 | |a Joven Bosnia (Movimiento Político Serbio) | ||
| 740 | 0 | |a Days that Shook the World : |b The Assassination of Franz Ferdinand/The Death of Adolf Hitler / |c Prod. ejecutiva de N. McDonald, A. Kemp, R. Bradley ; realización de R. Bond. | |
| 700 | |a Kemp, Adam |e (producción ejecutiva) | ||
| 700 | |a Bradley, Richard |e (producción ejecutiva) | ||
| 700 | |a Bond, Richard |e (realización) | ||
| 700 | |a Bond, Richard |e (guión) | ||
| 700 | |a Wood, Jon |e (fotógrafo) | ||
| 700 | |a Smajevic, Zekira |e (vestuario) | ||
| 700 | |a Brand, Sue |e (montaje) | ||
| 700 | |a Bush, Andy |e (música) | ||
| 700 | |a Gale, Dave |e (música) | ||
| 700 | |a Beckett, Stephen |e (narración) | ||
| 910 | |a Fondo General | ||
| 920 | |a Audiovisuales - DVDs | ||
| 940 | |a Películas | ||
| 905 | |a 308 | ||
| 901 | |a 0500183616 |b IT2 |c DVR |i C115298 |u 20250521 | ||
| 902 | |a https://opac.biblio.iteso.mx/vufind/Record/000310435 | ||